01029pam a2200277 i 45000010005000000030006000050050017000110080041000280100017000690200018000860400023001040420009001270500023001360820010001591000021001692450086001902500036002762600048003123000041003605050007004015200252004085210018006605210018006786500023006967000032007192909FISKH20240123102803.0791127r19801967nyu j 000 1 eng  a 79003764  a9781405271936 aDLCcDLCdDLCbeng alcac00aPZ7.T5973bHi 198000a[Fic]1 aTomlinson, Jill.10aHilda the hen who wouldn't give up /cby Jill Tomlinson ; Pictures by Paul Howard aThis edition published in 2004  aLondon : bMethuen Children's Books, c1967 a103 pages :billustrations ;c20 cm  aR  aHilda is a small, speckled hen. And when Hilda makes up her mind, nothing can stop her. Hilda’s auntie has just had a family of chicks, and she’s determined to visit them. But how is Hilda going to travel the five miles to her auntie’s farm?8 a690 bLexile 8 aR bRaz-Plus  1aChickensxFiction. aHoward, Paul eillustrator